00799nam a22002297a 45000010005000000030006000050050017000110080041000280200019000690400033000880500013001210820013001341000019001472450051001662600037002173000043002545050007002975200209003045210019005135210018005327000019005504114FISKH20240607110113.0240607b cb ||||| |||| 00| 0 eng d a9780545447805  aFISKH beng cFISKH dFISKH  aE185.K5  a323.092  aNorwich Grace  aI am martin luther king Jr. / cGrace Norwich  aNew York : bScholastic, c2012  a127 pages : billustrations ; c20 cm  aZ  aAn introduction to the achievements and lasting influence of the heroic civil rights leader covers topics ranging from his organization of the Montgomery Bus Boycott to his famed "I Have a Dream" speech. 8 a1110 bLexile 8 aZ bRaz-Plus  aGrace Norwich